书目信息 |
| 题名: |
传家宝
|
|
| 作者: | 承之 编著 | |
| 分册: | ||
| 出版信息: | 北京 中国华侨出版社 2021.10 |
|
| 页数: | 307页 | |
| 开本: | 24cm | |
| 丛书名: | ||
| 单 册: | ||
| 中图分类: | B823.1 , G78 | |
| 科图分类: | ||
| 主题词: | 家庭道德--jia ting dao de--中国--古代 , 家庭教育--jia ting jiao yu--中国--古代 | |
| 电子资源: | ||
| ISBN: | 978-7-5113-7975-7 | |
| 000 | 01048nam0 2200277 450 | |
| 001 | CAL 0120217298358 | |
| 005 | 20230217093112.0 | |
| 010 | @a978-7-5113-7975-7@dCNY56.00 | |
| 100 | @a20211206d2021 em y0chiy0120 ea | |
| 101 | 0 | @achi |
| 102 | @aCN@b110000 | |
| 105 | @ay z 000yy | |
| 106 | @ar | |
| 200 | 1 | @a传家宝@Achuan jia bao@e中国人的家教智慧@f承之编著 |
| 210 | @a北京@c中国华侨出版社@d2021.10 | |
| 215 | @a307页@d24cm | |
| 300 | @a经典传承版 | |
| 330 | @a本书选取《颜氏家训》等古代家风家教之典范, 全面解读其中要义, 并结合实际生活简要解析, 以实现“培养好家风、传承好家训”的意义。主要内容包括: 古今家训之始祖 —— 《颜氏家训》、道德教育之范本 —— 《温公家范》、厚人伦而美习俗 —— 《袁氏世范》等。 | |
| 517 | 1 | @a中国人的家教智慧@Azhong guo ren de jia jiao zhi hui |
| 606 | 0 | @a家庭道德@Ajia ting dao de@y中国@z古代 |
| 606 | 0 | @a家庭教育@Ajia ting jiao yu@y中国@z古代 |
| 690 | @aB823.1@v5 | |
| 690 | @aG78@v5 | |
| 701 | 0 | @a承之@Acheng zhi@4编著 |
| 801 | 0 | @aCN@bBJXHZP@c20230228 |
| 905 | @b1397768-71@dB823.1@e1924@f4 | |
| 传家宝:中国人的家教智慧/承之编著.-北京:中国华侨出版社,2021.10 |
| 307页;24cm |
| 经典传承版 |
| ISBN 978-7-5113-7975-7:CNY56.00 |
| 本书选取《颜氏家训》等古代家风家教之典范, 全面解读其中要义, 并结合实际生活简要解析, 以实现“培养好家风、传承好家训”的意义。主要内容包括: 古今家训之始祖 —— 《颜氏家训》、道德教育之范本 —— 《温公家范》、厚人伦而美习俗 —— 《袁氏世范》等。 |
| ● |
| 相关链接 |
|
|
|
|
正题名:传家宝
索取号:B823.1/1924
 
预约/预借
| 序号 | 登录号 | 条形码 | 馆藏地/架位号 | 状态 | 备注 |
| 1 | 1397768 | 213977687 | 第一样本阅览室/ [索取号:B823.1/1924] | 在馆 | |
| 2 | 1397769 | 213977696 | 第一借阅区/ [索取号:B823.1/1924] | 在馆 | |
| 3 | 1397770 | 213977703 | 第一借阅区/ [索取号:B823.1/1924] | 在馆 | |
| 4 | 1397771 | 213977712 | 第一借阅区/ [索取号:B823.1/1924] | 在馆 |